[Event "FRA-chT2 0910"]
[Site "France"]
[Date "2009.10.04"]
[Round "1.3"]
[White "Graca, Robert"]
[Black "Krivokapic, Ratko"]
[Result "1-0"]
[WhiteElo "2205"]
[BlackElo "2200"]
[PlyCount "48"]
[EventDate "2009.09.27"]
[EventType "team-tourn"]
[EventRounds "11"]
[EventCountry "FRA"]
[SourceTitle "EXT 2011"]
[Source "ChessBase"]
[SourceDate "2010.11.26"]
[SourceVersion "1"]
[SourceVersionDate "2010.11.26"]
[SourceQuality "1"]

1. Nf3 d5 2. d4 Nf6 3. c4 e6 4. Bg5 h6 5. Bh4 Bb4+ 6. Nc3 Nbd7 7. e3 c5 8. cxd5 exd5 9. Bd3 Qa5 10. Qc2 c4 11. Bf5 0-0 12. 0-0 Re8 13. Nd2 g5 14. Bg3 Nh5 15. e4 dxe4 16. Bxe4 Nb6 17. Bc7 Bxc3 18. bxc3 Be6 19. Bxb7 Bf5 20. Qd1 Qxc3 21. Qxh5 Qxd2 22. Bxa8 Nxa8 23. Be5 Bg6 24. Qf3 Nb6 1-0

[Event "FRA-chT2 Nord 0708"]
[Site "France"]
[Date "2008.03.15"]
[Round "8.2"]
[White "Krivokapic, Ratko"]
[Black "Bouhallel, Rabah"]
[Result "1/2-1/2"]
[WhiteElo "2199"]
[BlackElo "2287"]
[PlyCount "155"]
[EventDate "2007.10.21"]
[EventType "team"]
[EventRounds "11"]
[EventCountry "FRA"]
[SourceTitle "EXT 2009"]
[Source "ChessBase"]
[SourceDate "2008.11.26"]
[SourceVersion "1"]
[SourceVersionDate "2008.11.26"]
[SourceQuality "1"]
[WhiteTeam "Le Vesinet"]
[BlackTeam "Lille"]
[WhiteTeamCountry "FRA"]
[BlackTeamCountry "FRA"]

1. Nf3 Nf6 2. g3 d5 3. Bg2 c6 4. 0-0 Bf5 5. b3 e6 6. Bb2 Be7 7. d3 h6 8. Nbd2 0-0 9. Ne5 a5 10. e4 Bh7 11. a3 Nbd7 12. Nxd7 Nxd7 13. f4 Bf6 14. e5 Be7 15. Kh1 b5 16. Qe2 Rb8 17. g4 Re8 18. Rf3 f6 19. Raf1 fxe5 20. fxe5 Rf8 21. Rxf8+ Nxf8 22. Nf3 Ng6 23. Bc1 c5 24. Bh3 Nf8 25. g5 hxg5 26. Rg1 Bf5 27. Nxg5 Qe8 28. Bxf5 exf5 29. Qf3 Bxg5 30. Qxd5+ Qe6 31. Qxe6+ Nxe6 32. Bxg5 Rb7 33. Bd2 b4 34. a4 Rd7 35. Rf1 g6 36. Be1 Nd4 37. Bf2 Ne6 38. Bh4 g5 39. Rg1 Rg7 40. Bf2 Kf7 41. c3 Nf4 42. Bxc5 Nxd3 43. cxb4 Ke6 44. Bb6 axb4 45. a5 Nxe5 46. Re1 Kd5 47. Rd1+ Kc6 48. Bd4 Rd7 49. Rc1+ Kd5 50. Bxe5 Kxe5 51. Rc4 Rd1+ 52. Kg2 Rd2+ 53. Kg1 Ra2 54. Rxb4 Rxa5 55. h3 Ra2 56. Kh1 Rb2 57. Kg1 f4 58. Kh1 Kf5 59. Kg1 Kg6 60. h4 Kh5 61. hxg5 Kxg5 62. Rb8 Kg4 63. Rb7 Kg3 64. Rg7+ Kf3 65. Rh7 Rb1+ 66. Kh2 Kf2 67. Rc7 Rb2 68. b4 f3 69. b5 Ke1+ 70. Kg3 f2 71. Rc1+ Kd2 72. Rf1 Ke3 73. Rc1 Ke2 74. Kg2 Rxb5 75. Rc2+ Ke1 76. Rc1+ Kd2 77. Ra1 Rf5 78. Kf1 1/2-1/2

[Event "FRA-chT2 West 0607"]
[Site "France"]
[Date "2007.02.11"]
[Round "7.4"]
[White "Krivokapic, Ratko"]
[Black "Steinhagen, Bernd"]
[Result "1/2-1/2"]
[WhiteElo "2214"]
[BlackElo "2320"]
[PlyCount "126"]
[EventDate "2006.10.15"]
[EventType "team"]
[EventRounds "11"]
[EventCountry "FRA"]
[SourceTitle "EXT 2008"]
[Source "ChessBase"]
[SourceDate "2007.11.25"]
[SourceVersion "1"]
[SourceVersionDate "2007.11.25"]
[SourceQuality "1"]
[WhiteTeam "Le Vesinet"]
[BlackTeam "Rueil Malmaison"]
[WhiteTeamCountry "FRA"]
[BlackTeamCountry "FRA"]

1. e4 c5 2. Nf3 Nc6 3. d4 cxd4 4. Nxd4 Nf6 5. Nc3 e6 6. Ndb5 Bb4 7. a3 Bxc3+ 8. Nxc3 d5 9. exd5 exd5 10. Bd3 Qe7+ 11. Ne2 Ne5 12. 0-0 0-0 13. Bg5 Bg4 14. f3 Bd7 15. Nd4 h6 16. Bxf6 Qxf6 17. c3 Rfe8 18. Qd2 Nc6 19. Rf2 Nxd4 20. cxd4 Re7 21. Bf1 Rc8 22. Rd1 Ba4 23. Rb1 Bb3 24. Qb4 Bc4 25. Rc1 Rec7 26. Qd2 Bxf1 27. Rxc7 Rxc7 28. Rxf1 Rc4 29. Rd1 Qc6 30. Qe3 Qb5 31. h3 Rc8 32. Rd2 Re8 33. Qf2 Qc4 34. Kh2 Qc1 35. Rc2 Qf4+ 36. Kh1 g6 37. g3 Qf5 38. Kg2 Qd3 39. Rd2 Qc4 40. h4 Kg7 41. g4 a5 42. Rc2 Qd3 43. Rd2 Qb5 44. Kg3 Qa4 45. Kg2 Re6 46. Rd3 Qe8 47. Rd2 Re1 48. Rc2 Qe7 49. Rd2 b5 50. Rc2 b4 51. axb4 axb4 52. b3 Re6 53. Kf1 Qa7 54. Ra2 Qb6 55. Kg2 Qb5 56. Qd2 Qb8 57. Rc2 Qd8 58. Qf2 Qe7 59. Kf1 Qd6 60. Kg2 Qa6 61. Qd2 Qa3 62. Rb2 Qa1 63. Ra2 Qb1 1/2-1/2

[Event "FRA-chT2 West 0607"]
[Site "France"]
[Date "2006.12.10"]
[Round "4.1"]
[White "Murey, Jacob"]
[Black "Krivokapic, Ratko"]
[Result "1-0"]
[WhiteElo "2487"]
[BlackElo "2219"]
[PlyCount "95"]
[EventDate "2006.10.15"]
[EventType "team"]
[EventRounds "11"]
[EventCountry "FRA"]
[SourceTitle "EXT 2008"]
[Source "ChessBase"]
[SourceDate "2007.11.25"]
[SourceVersion "1"]
[SourceVersionDate "2007.11.25"]
[SourceQuality "1"]
[WhiteTeam "Chess XV II"]
[BlackTeam "Le Vesinet"]
[WhiteTeamCountry "FRA"]
[BlackTeamCountry "FRA"]

1. e4 c5 2. Nc3 Nc6 3. g3 g6 4. Bg2 Bg7 5. Nge2 d6 6. a3 h5 7. h3 e6 8. b4 Nge7 9. Rb1 Rb8 10. d3 b6 11. b5 Nd4 12. Nxd4 cxd4 13. Ne2 e5 14. c3 dxc3 15. Nxc3 Be6 16. Bg5 Qd7 17. Ne2 d5 18. d4 exd4 19. Nxd4 dxe4 20. Nxe6 Qxe6 21. 0-0 0-0 22. Qb3 Nd5 23. Rfe1 Qf5 24. Bxe4 Qxg5 25. Bxd5 Kh7 26. h4 Qf6 27. Re3 Rbc8 28. Rf3 Rc3 29. Rxc3 Qxc3 30. Qxc3 Bxc3 31. Rc1 Bb2 32. Rc7 Bxa3 33. Bxf7 Bc5 34. Kg2 Kg7 35. Bc4+ Kh6 36. Rxa7 Re8 37. f3 Re1 38. Ra8 Re7 39. Ra2 g5 40. hxg5+ Kxg5 41. Kh3 Re1 42. f4+ Kg6 43. Bd5 Re3 44. Ra8 Bd6 45. Rg8+ Kh7 46. f5 Be7 47. Rg6 h4 48. Rxb6 1-0

[Event "FRA-chT2 West 0607"]
[Site "France"]
[Date "2006.11.25"]
[Round "2.4"]
[White "Krivokapic, Ratko"]
[Black "Luco, Alain"]
[Result "1-0"]
[WhiteElo "2219"]
[BlackElo "2125"]
[PlyCount "61"]
[EventDate "2006.10.15"]
[EventType "team"]
[EventRounds "11"]
[EventCountry "FRA"]
[SourceTitle "EXT 2008"]
[Source "ChessBase"]
[SourceDate "2007.11.25"]
[SourceVersion "1"]
[SourceVersionDate "2007.11.25"]
[SourceQuality "1"]
[WhiteTeam "Le Vesinet"]
[BlackTeam "Guingamp II"]
[WhiteTeamCountry "FRA"]
[BlackTeamCountry "FRA"]

1. Nf3 Nf6 2. g3 Nc6 3. d4 d5 4. Bg2 e6 5. 0-0 Be7 6. c4 0-0 7. b3 Ne4 8. Bb2 f5 9. Nbd2 Bf6 10. a3 Bd7 11. b4 Ne7 12. Rc1 c6 13. Ne5 Be8 14. Nb3 b6 15. f3 Ng5 16. c5 b5 17. Nd2 Bxe5 18. dxe5 f4 19. Qe1 Ng6 20. e3 fxg3 21. hxg3 Ne7 22. f4 Nf7 23. Bh3 Bd7 24. Nf3 Nh6 25. Bc3 Qe8 26. Rc2 Qg6 27. Rg2 Qd3 28. Qd2 Qc4 29. g4 Rae8 30. Qc2 Rf7 31. Nd2 1-0

[Event "FRA-chT2 West 0607"]
[Site "France"]
[Date "2006.10.15"]
[Round "1.3"]
[White "Krivokapic, Ratko"]
[Black "Mehaibia, Azzedine"]
[Result "0-1"]
[WhiteElo "2219"]
[BlackElo "2173"]
[PlyCount "47"]
[EventDate "2006.10.15"]
[EventType "team"]
[EventRounds "11"]
[EventCountry "FRA"]
[SourceTitle "EXT 2008"]
[Source "ChessBase"]
[SourceDate "2007.11.25"]
[SourceVersion "1"]
[SourceVersionDate "2007.11.25"]
[SourceQuality "1"]
[WhiteTeam "Le Vesinet"]
[BlackTeam "JEEN"]
[WhiteTeamCountry "FRA"]
[BlackTeamCountry "FRA"]

1. Nf3 Nf6 2. g3 g6 3. Bg2 Bg7 4. 0-0 0-0 5. c4 d6 6. Nc3 e5 7. d4 Nbd7 8. h3 Re8 9. e4 c6 10. dxe5 dxe5 11. Be3 Qc7 12. Qd2 Nf8 13. Rfd1 Be6 14. b3 Rad8 15. Qe2 h6 16. Rxd8 Rxd8 17. Rd1 Rxd1+ 18. Qxd1 g5 19. Ne1 Ng6 20. Nd3 Bf8 21. Qd2 Qd7 22. Kh2 Nh5 23. Qe2 g4 24. hxg4 0-1

[Event "FRA-chT N1"]
[Site "France"]
[Date "2005.05.06"]
[Round "9.5"]
[White "Bouhallel, Rabah"]
[Black "Krivokapic, Ratko"]
[Result "0-1"]
[WhiteElo "2320"]
[BlackElo "2220"]
[PlyCount "132"]
[EventDate "2005.05.05"]
[EventType "team"]
[EventRounds "11"]
[EventCountry "FRA"]
[SourceTitle "EXT 2006"]
[Source "ChessBase"]
[SourceDate "2005.11.24"]
[SourceVersion "1"]
[SourceVersionDate "2005.11.24"]
[SourceQuality "1"]

1. d4 d5 2. Nf3 Nf6 3. c4 c6 4. e3 e6 5. Nbd2 Nbd7 6. Bd3 c5 7. 0-0 Bd6 8. b3 0-0 9. Bb2 Qe7 10. Qc2 b6 11. e4 cxd4 12. exd5 exd5 13. Rfe1 Qd8 14. Bxd4 Bb7 15. cxd5 Bxd5 16. Ne4 Bxe4 17. Bxe4 Rc8 18. Qb2 Bb4 19. Re3 Re8 20. Bb7 Rc7 21. Rxe8+ Qxe8 22. Ba6 Qf8 23. a3 Bc5 24. b4 Bxd4 25. Qxd4 Nb8 26. Bb5 Qc8 27. Bf1 h6 28. h3 Nbd7 29. Qd2 Nf8 30. Nd4 Rd7 31. Qb2 Qd8 32. Nc6 Qc7 33. Rc1 Qf4 34. g3 Qg5 35. h4 Qd5 36. Bg2 Qd6 37. b5 Ne6 38. Bh3 Ne4 39. Re1 N4c5 40. Qe5 a5 41. Bxe6 Nxe6 42. Qxd6 Rxd6 43. Ne7+ Kh7 44. Nc8 Rd8 45. Rc1 Nd4 46. Kg2 Nxb5 47. a4 Nd6 48. Nxb6 Rb8 49. Rc6 Ne4 50. h5 Nf6 51. Kh3 Nxh5 52. Nd7 Rd8 53. Rc7 Kg8 54. Ra7 f5 55. Kh4 g6 56. Ne5 Rd4+ 57. Kh3 Rxa4 58. Nxg6 f4 59. Kg4 fxg3+ 60. Kxh5 g2 61. Ra8+ Kg7 62. Ra7+ Kf6 63. Ra6+ Kf5 64. Ne7+ Ke4 65. Rg6 Kf3 66. Nd5 Ra1 0-1

[Event "FRA-chT N1"]
[Site "Drancy"]
[Date "2005.02.05"]
[Round "2"]
[White "Krivokapic, Ratko"]
[Black "Bernard, Vincent"]
[Result "1-0"]
[WhiteElo "2220"]
[BlackElo "2278"]
[PlyCount "93"]
[EventDate "2005.02.04"]
[EventType "team"]
[EventRounds "11"]
[EventCountry "FRA"]
[SourceTitle "EXT 2006"]
[Source "ChessBase"]
[SourceDate "2005.11.24"]
[SourceVersion "1"]
[SourceVersionDate "2005.11.24"]
[SourceQuality "1"]

1. e4 c5 2. Nf3 Nc6 3. d4 cxd4 4. Nxd4 g6 5. c4 Nf6 6. Nc3 d6 7. Be2 Nxd4 8. Qxd4 Bg7 9. Be3 0-0 10. Qd2 Be6 11. Rc1 Qa5 12. f3 Rfc8 13. b3 a6 14. Na4 Qxd2+ 15. Kxd2 Nd7 16. g4 f5 17. gxf5 gxf5 18. Rhg1 Kh8 19. Bd3 Rf8 20. Rxg7 Kxg7 21. Rg1+ Kh8 22. Bd4+ Nf6 23. exf5 Bxf5 24. Bxf5 e5 25. Bf2 Rg8 26. Bg3 Rg5 27. Bc2 Nh5 28. Be4 Rb8 29. Nb6 Nxg3 30. hxg3 Rh5 31. Rg2 Kg7 32. Kc3 Rh6 33. a4 Rf8 34. a5 Rf7 35. Nd5 Rh1 36. Ne3 Rd7 37. g4 Kf8 38. Nf5 Ra1 39. Rd2 Rxa5 40. Rxd6 Rxd6 41. Nxd6 b6 42. Bxh7 Ra1 43. Be4 Rd1 44. Nc8 b5 45. cxb5 axb5 46. Na7 Ke7 47. Nxb5 1-0

[Event "FRA-chT N1"]
[Site "Drancy"]
[Date "2005.02.04"]
[Round "1"]
[White "Krivokapic, Ratko"]
[Black "Vernay, Clovis"]
[Result "1/2-1/2"]
[WhiteElo "2220"]
[BlackElo "2207"]
[PlyCount "87"]
[EventDate "2005.02.04"]
[EventType "team"]
[EventRounds "11"]
[EventCountry "FRA"]
[SourceTitle "EXT 2006"]
[Source "ChessBase"]
[SourceDate "2005.11.24"]
[SourceVersion "1"]
[SourceVersionDate "2005.11.24"]
[SourceQuality "1"]

1. e4 e6 2. d4 d5 3. Nc3 Nf6 4. e5 Nfd7 5. f4 c5 6. Nf3 Nc6 7. Be3 Qb6 8. Na4 Qa5+ 9. c3 cxd4 10. b4 Qc7 11. Nxd4 Nxd4 12. Bxd4 Be7 13. Bd3 0-0 14. 0-0 f6 15. Qh5 f5 16. a3 Nb8 17. Rfc1 b6 18. Qe2 Bb7 19. Nb2 Qd7 20. a4 Bd8 21. Qe3 Nc6 22. Bb5 a6 23. Bxc6 Qxc6 24. Nd3 Rb8 25. h3 Ba8 26. Rcb1 Qc4 27. Nb2 Qc8 28. Qe2 a5 29. Nd3 Be7 30. Qe3 Qc6 31. Rc1 Rfc8 32. Kf2 Bd8 33. b5 Qc7 34. Rc2 Be7 35. Nc1 Qc4 36. Qd3 Qc7 37. Nb3 Qb7 38. Ke3 Rc7 39. Nd2 Rbc8 40. Nf3 Rc4 41. Kf2 Bc5 42. Rd2 Rc7 43. Kg3 Qc8 44. Raa2 1/2-1/2

[Event "FRA-chT2 0304"]
[Site "France"]
[Date "2004.04.04"]
[Round "11"]
[White "Calas, Bernard"]
[Black "Krivokapic, Ratko"]
[Result "1/2-1/2"]
[WhiteElo "2202"]
[BlackElo "2230"]
[PlyCount "118"]
[EventDate "2003.10.??"]
[EventType "team"]
[EventRounds "11"]
[EventCountry "FRA"]
[SourceTitle "EXT 2005"]
[Source "ChessBase"]
[SourceDate "2004.11.15"]
[SourceVersion "1"]
[SourceVersionDate "2004.11.15"]
[SourceQuality "1"]

1. e4 c5 2. b3 e6 3. Bb2 a6 4. d3 d5 5. Nd2 Nf6 6. f4 Nc6 7. g3 Be7 8. h3 Qa5 9. e5 Nd7 10. a3 0-0 11. Bg2 f6 12. Ngf3 fxe5 13. fxe5 Qc7 14. Qe2 d4 15. 0-0 Ndxe5 16. Nxe5 Rxf1+ 17. Rxf1 Nxe5 18. Ne4 Bd7 19. Bc1 Ng6 20. Qh5 Bc6 21. Qg4 Qd7 22. Qh5 Bd5 23. Bg5 Rf8 24. Re1 Rf5 25. h4 Ne5 26. Qe2 Bxg5 27. Nxg5 Bxg2 28. Kxg2 h6 29. Ne4 Qd5 30. Kh3 Nf7 31. Nd2 Re5 32. Ne4 b6 33. Qg4 Rf5 34. Qg6 Qd7 35. Qg4 h5 36. Qe2 e5 37. Kg2 Qd5 38. Rf1 Rxf1 39. Kxf1 Qe6 40. Qxh5 Nd6 41. Ng5 Qh6 42. Qg4 Qf6+ 43. Ke2 Nf5 44. Ne4 Qf7 45. Kd2 a5 46. Kc1 Qf8 47. a4 c4 48. dxc4 d3 49. cxd3 Qa3+ 50. Kd2 Qb2+ 51. Ke1 Nd4 52. Qc8+ Kh7 53. Ng5+ Kg6 54. Qe8+ Kf5 55. Qd7+ Kg6 56. Qe8+ Kf5 57. Qf7+ Kg4 58. Qd7+ Kh5 59. Qf7+ Kg4 1/2-1/2

[Event "FRA-chT2 0304"]
[Site "France"]
[Date "2003.12.07"]
[Round "4"]
[White "Krivokapic, Ratko"]
[Black "Wabant, Pascal"]
[Result "0-1"]
[WhiteElo "2230"]
[BlackElo "2090"]
[PlyCount "78"]
[EventDate "2003.10.??"]
[EventType "team"]
[EventRounds "11"]
[EventCountry "FRA"]
[SourceTitle "EXT 2005"]
[Source "ChessBase"]
[SourceDate "2004.11.15"]
[SourceVersion "1"]
[SourceVersionDate "2004.11.15"]
[SourceQuality "1"]
[WhiteTeam "Le Vesinet"]
[BlackTeam "Bois Colombes II"]
[WhiteTeamCountry "FRA"]
[BlackTeamCountry "FRA"]

1. e4 g6 2. d4 Bg7 3. Nf3 d6 4. Nc3 c6 5. Be3 Nf6 6. h3 0-0 7. Qd2 e5 8. Bd3 Re8 9. dxe5 dxe5 10. 0-0 Qc7 11. a4 Nbd7 12. Ne2 Nf8 13. a5 Ne6 14. Ng5 Nxg5 15. Bxg5 Nd7 16. b4 Nf8 17. b5 Ne6 18. b6 Qd7 19. Be3 axb6 20. axb6 Rxa1 21. Rxa1 Nf4 22. Nc1 Bh6 23. Nb3 Qe7 24. Bf1 Rd8 25. Qe1 Bf8 26. Kh2 Ne6 27. Qc3 Qf6 28. Bc4 Nd4 29. Bd3 c5 30. Nxc5 Qxb6 31. Nb3 Bb4 32. Qb2 Bc5 33. Bxd4 Bxd4 34. c3 Bxf2 35. Rf1 Be3 36. Bc4 Be6 37. Qe2 Bf4+ 38. g3 Bh6 39. Bxe6 Qxe6 0-1

[Event "FRA-chT2 0304"]
[Site "France"]
[Date "2003.11.16"]
[Round "3"]
[White "Monroy, Charles"]
[Black "Krivokapic, Ratko"]
[Result "1-0"]
[WhiteElo "2338"]
[BlackElo "2230"]
[PlyCount "131"]
[EventDate "2003.10.??"]
[EventType "team"]
[EventRounds "11"]
[EventCountry "FRA"]
[SourceTitle "EXT 2005"]
[Source "ChessBase"]
[SourceDate "2004.11.15"]
[SourceVersion "1"]
[SourceVersionDate "2004.11.15"]
[SourceQuality "1"]
[WhiteTeam "Rennes"]
[BlackTeam "Le Vesinet"]
[WhiteTeamCountry "FRA"]
[BlackTeamCountry "FRA"]

1. e4 c5 2. Nf3 e6 3. c4 Nc6 4. Nc3 Nf6 5. Be2 Be7 6. 0-0 e5 7. d3 d6 8. Ne1 Nd4 9. f4 exf4 10. Bxf4 0-0 11. Nc2 Nxc2 12. Qxc2 Be6 13. Rae1 Ne8 14. Qd2 a6 15. a4 Bf6 16. Kh1 Rb8 17. Bd1 Be5 18. Re3 Kh8 19. Qe1 b5 20. axb5 axb5 21. Nxb5 Bxb2 22. Qg3 Rb6 23. Bg4 Bxg4 24. Qxg4 Be5 25. Rh3 Nf6 26. Qh4 Bxf4 27. Rxf4 h6 28. Rhf3 d5 29. exd5 Nxd5 30. Qxd8 Rxd8 31. Rxf7 Nf6 32. Rc7 Ra6 33. h3 Ra1+ 34. Kh2 Rd1 35. Rxc5 R1xd3 36. Rxd3 Rxd3 37. Rc7 Kh7 38. c5 h5 39. Nd6 h4 40. Nf5 Ne8 41. Re7 Rd8 42. c6 Rc8 43. c7 Nxc7 44. Rxg7+ Kh8 45. Rg4 Re8 46. Rxh4+ Kg8 47. Rg4+ Kf8 48. h4 Nd5 49. g3 Re5 50. Nd4 Kf7 51. Kh3 Re1 52. Nf3 Rf1 53. Ng5+ Kg6 54. Re4 Nf6 55. Ra4 Rh1+ 56. Kg2 Rb1 57. Nf3 Rb2+ 58. Kh3 Rb3 59. Ne5+ Kf5 60. Nc6 Re3 61. Rf4+ Kg6 62. Nd4 Rd3 63. Nf5 Nh5 64. Rf2 Nf6 65. Ne7+ Kf7 66. Ng8 1-0

[Event "FRA-chT2 0304"]
[Site "France"]
[Date "2003.10.12"]
[Round "1"]
[White "Krivokapic, Ratko"]
[Black "Prevot, Emmanuel"]
[Result "1-0"]
[WhiteElo "2230"]
[BlackElo "2257"]
[PlyCount "111"]
[EventDate "2003.10.??"]
[EventType "team"]
[EventRounds "11"]
[EventCountry "FRA"]
[SourceTitle "EXT 2005"]
[Source "ChessBase"]
[SourceDate "2004.11.15"]
[SourceVersion "1"]
[SourceVersionDate "2004.11.15"]
[SourceQuality "1"]
[WhiteTeam "Le Vesinet"]
[BlackTeam "Avoine"]
[WhiteTeamCountry "FRA"]
[BlackTeamCountry "FRA"]

1. Nf3 Nf6 2. g3 b6 3. Bg2 Bb7 4. 0-0 e6 5. c4 c5 6. Nc3 Be7 7. Re1 a6 8. e4 d6 9. d4 cxd4 10. Nxd4 Qc7 11. Be3 0-0 12. Rc1 Nbd7 13. f4 Rfe8 14. Bf2 Bf8 15. b3 Rac8 16. g4 e5 17. Nc2 h5 18. g5 Ng4 19. f5 Be7 20. h4 Nxf2 21. Kxf2 g6 22. Ne3 Qc5 23. Kg3 b5 24. Bh3 Bc6 25. Ncd5 Bd8 26. b4 Qa7 27. cxb5 axb5 28. Qb3 Kg7 29. fxg6 fxg6 30. Rf1 Bxd5 31. Nxd5 Rxc1 32. Rxc1 Rf8 33. Qe3 Bb6 34. Nxb6 Qxb6 35. Qxb6 Nxb6 36. Rc6 Nc4 37. Be6 Ra8 38. Rc7+ Kf8 39. Rf7+ Ke8 40. Rf2 Ra3+ 41. Kh2 Ke7 42. Bd5 Ne3 43. Rf7+ Ke8 44. Rf3 Ng4+ 45. Kg3 Ra7 46. Be6 Rc7 47. Bxg4 hxg4 48. Rf6 Ke7 49. Rxg6 Rc4 50. h5 Rxe4 51. h6 Re3+ 52. Kxg4 Re4+ 53. Kh5 Re1 54. Rg7+ Kf8 55. Rd7 e4 56. h7 1-0

[Event "Saint Quentin op 6th"]
[Site "Elancourt"]
[Date "2003.04.19"]
[Round "9"]
[White "Krivokapic, Ratko"]
[Black "Schnitzer, Peter"]
[Result "1-0"]
[WhiteElo "2245"]
[BlackElo "2208"]
[PlyCount "40"]
[EventDate "2003.04.12"]
[EventType "swiss"]
[EventRounds "9"]
[EventCountry "FRA"]
[SourceTitle "CBM 093 Extra"]
[Source "ChessBase"]
[SourceDate "2003.05.09"]
[SourceVersion "1"]
[SourceVersionDate "2003.05.09"]
[SourceQuality "1"]

1. Nf3 d5 2. g3 c6 3. Bg2 Nf6 4. 0-0 Bg4 5. d4 Nbd7 6. Nbd2 e6 7. Re1 c5 8. c4 cxd4 9. cxd5 Nxd5 10. h3 Bh5 11. Nxd4 N7f6 12. Qa4+ Qd7 13. Qb3 Bg6 14. Nc4 Nb4 15. Be3 Be4 16. Bxe4 Nxe4 17. Ne5 Qc7 18. Qa4+ Kd8 19. Red1 Nd5 20. Bf4 Nec3 1-0

[Event "Saint Quentin op 6th"]
[Site "Elancourt"]
[Date "2003.04.18"]
[Round "8"]
[White "Zigura, Oleg"]
[Black "Krivokapic, Ratko"]
[Result "1/2-1/2"]
[WhiteElo "2367"]
[BlackElo "2245"]
[PlyCount "21"]
[EventDate "2003.04.12"]
[EventType "swiss"]
[EventRounds "9"]
[EventCountry "FRA"]
[SourceTitle "CBM 093 Extra"]
[Source "ChessBase"]
[SourceDate "2003.05.09"]
[SourceVersion "1"]
[SourceVersionDate "2003.05.09"]
[SourceQuality "1"]

1. e4 c5 2. Nf3 e6 3. b3 d6 4. Bb2 Nc6 5. Bb5 Bd7 6. 0-0 Nf6 7. Re1 Be7 8. c4 e5 9. Nc3 0-0 10. Nd5 Bg4 11. Bxc6 1/2-1/2

[Event "FRA-chT2S 0203"]
[Site "France"]
[Date "2002.10.13"]
[Round "1.2"]
[White "Krivokapic, Ratko"]
[Black "Houhou, Olivier"]
[Result "1-0"]
[WhiteElo "2251"]
[BlackElo "2239"]
[PlyCount "62"]
[EventDate "2002.10.??"]
[EventType "team"]
[EventRounds "11"]
[EventCountry "FRA"]
[SourceTitle "EXT 2004"]
[Source "ChessBase"]
[SourceDate "2003.11.25"]
[SourceVersion "1"]
[SourceVersionDate "2003.11.25"]
[SourceQuality "1"]
[WhiteTeam "Le Vesinet"]
[BlackTeam "Issy les Moulineaux"]
[WhiteTeamCountry "FRA"]
[BlackTeamCountry "FRA"]

1. e4 c5 2. Nf3 e6 3. d4 cxd4 4. Nxd4 a6 5. Nc3 b5 6. Bd3 Qb6 7. Nf3 d6 8. 0-0 Nd7 9. a4 b4 10. Be3 Qb7 11. Na2 Ngf6 12. c3 Nxe4 13. cxb4 Be7 14. b5 a5 15. Nd4 Bf6 16. Bxe4 Qxe4 17. Nc3 Qg6 18. Nc6 d5 19. f4 Bxc3 20. bxc3 Qe4 21. Bd4 Bb7 22. Qd2 Bxc6 23. bxc6 Nf6 24. Rae1 Qf5 25. Re5 Ne4 26. Qe2 Qg6 27. f5 Qh6 28. fxe6 fxe6 29. Qb5 Rf8 30. c7+ Ke7 31. Re1 Qd2 1-0

[Event "Paris-ch op"]
[Site "Paris"]
[Date "2002.07.11"]
[Round "6"]
[White "Krivokapic, Ratko"]
[Black "Apicella, Manuel"]
[Result "0-1"]
[WhiteElo "2251"]
[BlackElo "2510"]
[PlyCount "71"]
[EventDate "2002.07.06"]
[EventType "swiss"]
[EventRounds "9"]
[EventCountry "FRA"]
[SourceTitle "CBM 089 Extra"]
[Source "ChessBase"]
[SourceDate "2002.09.10"]
[SourceVersion "2"]
[SourceVersionDate "2002.09.10"]
[SourceQuality "1"]

1. Nf3 Nf6 2. g3 g6 3. Bg2 Bg7 4. 0-0 0-0 5. c4 d6 6. Nc3 e5 7. d4 Nbd7 8. h3 c6 9. dxe5 dxe5 10. Be3 Re8 11. Qd2 Qc7 12. Rfd1 Bf8 13. Rac1 a5 14. Qc2 Nc5 15. b3 Bf5 16. Qb2 a4 17. Bxc5 a3 18. Qd2 Bxc5 19. Nh4 Be6 20. Na4 Bf8 21. e4 Rad8 22. Qc3 Rxd1+ 23. Rxd1 Rd8 24. Rxd8 Qxd8 25. Qxe5 Qd1+ 26. Kh2 Nd7 27. Qf4 Qc2 28. Nf3 Qxa2 29. Nd4 Bxc4 30. bxc4 Qxc4 31. e5 a2 32. e6 fxe6 33. Nb2 Qc3 34. Qg4 Nc5 35. Nxe6 a1Q 36. Nxf8 0-1

[Event "FRA-chT2"]
[Site "France"]
[Date "2002.03.24"]
[Round "11.2"]
[White "Krivokapic, Ratko"]
[Black "Saiboulatov, Danial"]
[Result "0-1"]
[WhiteElo "2284"]
[BlackElo "2230"]
[PlyCount "138"]
[EventDate "2002.??.??"]
[EventType "team"]
[EventRounds "11"]
[EventCountry "FRA"]
[SourceTitle "EXT 2003"]
[Source "ChessBase"]
[SourceDate "2002.11.25"]
[SourceVersion "1"]
[SourceVersionDate "2002.11.25"]
[SourceQuality "1"]

1. e4 e6 2. d4 d5 3. Nc3 Bb4 4. exd5 exd5 5. Bd3 Nc6 6. a3 Bxc3+ 7. bxc3 Nge7 8. Qh5 Be6 9. Rb1 b6 10. Nf3 Qd7 11. Ng5 0-0-0 12. Nxe6 Qxe6+ 13. Be3 g6 14. Qf3 Nf5 15. 0-0 Nxe3 16. Rfe1 Qg4 17. Qxe3 h5 18. Ba6+ Kb8 19. Re2 Rd6 20. h3 Qf5 21. Rbe1 Qf6 22. Qd2 Nd8 23. Re8 Rxe8 24. Rxe8 Re6 25. Rg8 c6 26. g3 Kc7 27. h4 Qe7 28. Kh2 Qxa3 29. Bf1 Qd6 30. Bh3 Re4 31. Bg2 Re7 32. Qh6 a5 33. Qd2 a4 34. c4 dxc4 35. Qc3 Rd7 36. Qxc4 Qxd4 37. Qa6 b5 38. Qa5+ Qb6 39. Qe1 Kb7 40. Bh3 Rd6 41. Re8 f5 42. Re7+ Ka6 43. Bg2 Qc5 44. c3 Rd1 45. Ra7+ Kxa7 46. Qxd1 Nb7 47. Qd2 Kb6 48. Bf1 a3 49. Kg1 Qd5 50. Qc1 Qb3 51. Qe3+ Ka6 52. Qe5 a2 53. c4 Qb1 54. cxb5+ cxb5 55. Qf6+ Ka7 56. Qd4+ Kb8 57. Qh8+ Kc7 58. Qc3+ Kd7 59. Qg7+ Kc6 60. Qc3+ Nc5 61. Qf6+ Kb7 62. Qe7+ Ka6 63. Qxc5 a1Q 64. Qc6+ Ka5 65. Qc7+ Ka4 66. Qa7+ Kb3 67. Qf7+ Kc2 68. Qc7+ Qc3 69. Qe7 Qc4 0-1

[Event "FRA-chT2"]
[Site "France"]
[Date "2002.01.19"]
[Round "5.1"]
[White "Chuchelov, Vladimir"]
[Black "Krivokapic, Ratko"]
[Result "0-1"]
[WhiteElo "2284"]
[BlackElo "2600"]
[PlyCount "60"]
[EventDate "2002.??.??"]
[EventType "team"]
[EventRounds "11"]
[EventCountry "FRA"]
[SourceTitle "EXT 2003"]
[Source "ChessBase"]
[SourceDate "2002.11.25"]
[SourceVersion "1"]
[SourceVersionDate "2002.11.25"]
[SourceQuality "1"]

1. e4 c5 2. Nf3 e6 3. d4 cxd4 4. Nxd4 a6 5. Nc3 b5 6. Bd3 Qb6 7. Be3 Bc5 8. Be2 Nc6 9. Nxc6 dxc6 10. Bxc5 Qxc5 11. Qd3 Nf6 12. 0-0-0 0-0 13. f4 e5 14. f5 a5 15. g4 a4 16. g5 Nd7 17. Rd2 Ra7 18. Nd1 b4 19. Kb1 Qa5 20. Qe3 Re8 21. g6 fxg6 22. fxg6 Qc5 23. gxh7+ Kh8 24. Qg3 Nf6 25. Qg6 Be6 26. Rf1 Bf7 27. Qg2 Rea8 28. Bd3 Rd8 29. Rdf2 Rad7 30. Rxf6 gxf6 0-1